| 000 | 00592nam a22001817a 4500 | ||
|---|---|---|---|
| 008 | 161110b xxu||||| |||| 00| 0 eng d | ||
| 050 | _aBF181.R63 | ||
| 110 |
_aRoe,Anne _eed. _927427 |
||
| 245 |
_aBehaviour and evolution _c/edited by Anne Roe and George Gaylord Simpson |
||
| 260 |
_aNew Haven _bYale University Press _c1958 |
||
| 300 |
_aviii,557p.; _c24cm. |
||
| 650 |
_aPsychology,physiological _927428 |
||
| 650 |
_aHuman behavior _912870 |
||
| 650 |
_aEvolution _916208 |
||
| 710 |
_aRoe, Anne _eed. _927429 |
||
| 710 |
_aGeorge, Gaylord Simpson _eed. _927430 |
||
| 942 |
_2lcc _cMONOGRAPH |
||
| 999 |
_c125720 _d125720 |
||